00376 a2200109 4500001001000000005001700010008004100027245004700068100003100115773010300146999001700249ART_3966620260410162012.0260409a 10aEl pensamiento político en Hannah Arendt1 aNicoletti, Víctor René0 tPropuestas para la sociedad, el gobierno y la produccióng- Año 5, Nº 9 (nov. 2001)wREV39547 c32294d32294